Algorithmen und Datenstrukturen Pt. 2 - Statistiken

Allgemein
  • Dieses Quiz wurde 9 mal gespielt
  • Das Durchschnittsergebnis liegt bei 3 aus 10
Antwortstatistiken
Frage Antwort % Korrekt
Welcher der folgenden Punkte ist keine Elementaroperation? Zuweisungen, Schleifen, Vergleiche, Arrayzugriffe, arithmetische Operationen Schleife
100%
“Durch das Testen eines Programms kann man nur die Anwesenheit von Fehlern feststellen, nicht die ...” (E. Dijkstra) Abwesenheit
71%
Wir wollen die Laufzeit eines Algorithmus testen, nicht die eines ... Programmes
43%
Variablen unseres Algotithmus, welche nicht zu den Eingabe- oder Ausgabe-Daten gehören, nennen wir ... Datenelemente. temporäre
29%
Daten werden in ... gespeichert Datentypen
14%
3) Durchschnittliche Kosten / Average
14%
Damit wir abstrakter die Laufzeit eines Algorithmus bestimmen können, rechnen wir in... Elementaroperationen
14%
Folgende Komplexitätsklassen berechnen wir: 1) Maximale Kosten / Worst-Case
14%
2) Minimale Kosten / Best Case
14%
Wie spricht man dieses Symbol? | (z.b. R ... M) teilt
14%
Keine übereinstimmenden Quizze gefunden
Verteilung der Resultate
Anzahl Personen mit jedem Resultat
Perzentil nach korrekt beantworteten Fragen
Ihre Resultats-Entwicklung
Sie haben dieses Quiz noch nicht gespielt